Three : (Record no. 200468079)

MARC details
000 -LEADER
fixed length control field 00937cam a2200313 i 4500
001 - CONTROL NUMBER
control field 200468079
003 - CONTROL NUMBER IDENTIFIER
control field TR-AnTOB
005 - DATE AND TIME OF LATEST TRANSACTION
control field 20260413145404.0
007 - PHYSICAL DESCRIPTION FIXED FIELD--GENERAL INFORMATION
fixed length control field ta
008 - FIXED-LENGTH DATA ELEMENTS--GENERAL INFORMATION
fixed length control field 870318b nyu b 000 1 eng d
010 ## - LIBRARY OF CONGRESS CONTROL NUMBER
LC control number 83060268
035 ## - SYSTEM CONTROL NUMBER
System control number 15996899
System control number (OCoLC)38440240
040 ## - CATALOGING SOURCE
Original cataloging agency NUI
Language of cataloging eng
Description conventions rda
Transcribing agency NUI
Modifying agency DLC
-- TR-AnTOB
041 0# - LANGUAGE CODE
Language code of text/sound track or separate title İngilizce
042 ## - AUTHENTICATION CODE
Authentication code lccopycat
050 14 - LIBRARY OF CONGRESS CALL NUMBER
Classification number PS3565.C57
Item number T37
090 ## - LOCALLY ASSIGNED LC-TYPE CALL NUMBER (OCLC); LOCAL CALL NUMBER (RLIN)
Classification number (OCLC) (R) ; Classification number, CALL (RLIN) (NR) PS3565.C57
Local cutter number (OCLC) ; Book number/undivided call number, CALL (RLIN) T37
100 1# - MAIN ENTRY--PERSONAL NAME
Personal name O'Connor, Flannery
Relator term author
9 (RLIN) 43524
245 10 - TITLE STATEMENT
Title Three :
Remainder of title Wise blood, a good man is hard to find, the violent it away /
Statement of responsibility, etc. Flannery 0'Connor.
264 ## - PRODUCTION, PUBLICATION, DISTRIBUTION, MANUFACTURE, AND COPYRIGHT NOTICE
Place of production, publication, distribution, manufacture New York :
Name of producer, publisher, distributor, manufacturer New America Library,
Date of production, publication, distribution, manufacture, or copyright notice [date of publication not identified].
300 ## - PHYSICAL DESCRIPTION
Extent 447 pages ;
Dimensions 18 cm.
336 ## - CONTENT TYPE
Content type term text
Content type code txt
Source rdacontent
337 ## - MEDIA TYPE
Media type term unmediated
Media type code n
Source rdamedia
338 ## - CARRIER TYPE
Carrier type term volume
Carrier type code nc
Source rdacarrier
650 #0 - SUBJECT ADDED ENTRY--TOPICAL TERM
Topical term or geographic name entry element Amerikan romanı
9 (RLIN) 34007
942 ## - ADDED ENTRY ELEMENTS (KOHA)
Source of classification or shelving scheme Library of Congress Classification
Koha item type Book
Holdings
Withdrawn status Lost status Source of classification or shelving scheme Damaged status Not for loan Collection code Home library Current library Shelving location Date acquired Source of acquisition Inventory number Total Checkouts Full call number Barcode Date last seen Copy number Date shelved Koha item type Public note
    Library of Congress Classification Kullanılmış / Used Ödünç Verilemez-Kurumiçi kullanım / Not for loan-For inhouse use Genel Koleksiyon Tıp Fakültesi Medikal Kütüphane Tıp Fakültesi Medikal Kütüphane Genel Koleksiyon / Main Collection 18/03/2026 Bağış / Donation İDE   PS3565.C57 T37 TıpFaK TF03067 13/04/2026 1 13/04/2026 Book Donated by Şükrü Cin
Devinim Yazılım Eğitim Danışmanlık tarafından Koha'nın orjinal sürümü uyarlanarak geliştirilip kurulmuştur.